Is It Bigger Than......? - Part 2 - Statistics

General Stats
  • This quiz has been taken 33 times
  • The average score is 6 of 10
Answer Stats
Question Tile Select % Correct
Is Taiwan Bigger than Cameroon No Yes
88%
Is Ecuador bigger than Bahrain No No
88%
Is Taiwan Bigger than Cameroon Yes No
88%
Is Ecuador bigger than Bahrain Yes Yes
88%
Is Libya bigger than Croatia No No
77%
Is Libya bigger than Croatia Yes Yes
77%
Is the United Kingdom Bigger than Bangladesh No Yes
35%
Is the United Kingdom Bigger than Bangladesh Yes No
35%
Is Turkmenistan bigger than Lebanon No Yes
15%
Is Turkmenistan bigger than Lebanon Yes No
15%
No matching quizzes found
Score Distribution
Percent of People with Each Score
Percentile by Number Answered
Your Score History
You have not taken this quiz